Budowa atmosfery po opisie - Statystyki

Ogólne statystyki
  • Ten quiz został rozwiązany 7 razy
  • Średni wynik to 3 z 5
Statystyki odpowiedzi
Opis Nazwa warstwy % Poprawnych
Do około 50km nad Ziemią Zawiera warstwę ozonową (chroni przed promieniowaniem UV)Temperatura rośnie wraz z wysokością stratosfera
100%
Najbardziej zewnętrzna warstwa atmosfery ziemskiej Następuje w niej wymiana materii między Ziemią a przestrzenią kosmicznąPowietrze jest znacznie rozrzedzone egzosfera
75%
Do około 80-85km nad ZiemiąNajzimniejsza warstwa atmosfery (do ok. -80°C) Temperatura spada wraz z wysokością mezosfera
50%
Do około 800km nad ZiemiąTemperatura stale rośnie (do 1000-1500°C przy górnej granicy) Występują zorze polarne (w jonosferze) termosfera
50%
Przylega do powierzchni Ziemi Stanowi 80% masy atmosfery Średnia grubość około 12km Najcieńsza nad biegunami (7km) Najgrubsza w strefie międzyzwrotnikowej (18km) troposfera
50%
Nie znaleziono quizów pasujących do podanych kryteriów
Rozkład punktacji
Procent ludzi z każdym wynikiem
Percentyl według liczby udzielonych odpowiedzi
Twoja historia wyników
Nie rozwiązałeś tego quizu